000 01003nac a22002291u 4500
008 100829t xxu||||| |||| 00| 0 eng d
010 _a2005004126
020 _a0321321278 (pbk. : alk. paper)
082 0 0 _a005.11
_bAr53
100 _aArlow, Jim,
_917721
245 1 0 _aUML 2 and the Unified Process :
_bPractical Object-Oriented Analysis and Design /
_cJim Arlow and Ila Neustadt.
250 _a2nd ed.
260 _aUpper Saddle River, NJ :
_bAddison-Wesley,
_c2005.
300 _axxiii, 592 p. :
_bill. ;
_c23 cm.
504 _aIncludes bibliographical references and index.
650 0 _aObject-oriented methods (Computer science)
_917722
650 0 _aComputer software
_xDevelopment.
_917723
650 0 _aUML (Computer science)
_917724
700 1 _aNeustadt, Ila.
_917725
942 _cBB
_k005.11Ar53
_2ddc
999 _c2247
_d2247